[Event "Barnaul Kura Memorial"]
[Site "Barnaul"]
[Date "2021.02.27"]
[Round "2"]
[White "Tsygankov, Dmitry"]
[Black "Kezin, Roman"]
[Result "0-1"]
[WhiteElo "1991"]
[BlackElo "2457"]
[PlyCount "54"]
[EventDate "2021.02.27"]
[EventType "swiss (rapid)"]
[EventRounds "11"]
[EventCountry "RUS"]
[SourceTitle "CBM 200 Extra"]
[Source "ChessBase"]
[SourceDate "2021.03.31"]
[SourceVersion "1"]
[SourceVersionDate "2021.03.31"]
[SourceQuality "1"]

1. d4 d5 2. Nf3 Nf6 3. c4 e6 4. Bg5 dxc4 5. Qa4+ Nbd7 6. Qxc4 Be7 7. e3 0-0 8. Be2 a6 9. 0-0 b5 10. Qc2 Bb7 11. Rd1 Rc8 12. a4 c5 13. Qd2 Qb6 14. Qe1 h6 15. Bh4 c4 16. axb5 axb5 17. Nc3 Bb4 18. Ne5 Ra8 19. f3 Nxe5 20. dxe5 Qxe3+ 21. Bf2 Qxe5 22. Bd4 Bc5 23. Bxc5 Qxc5+ 24. Kh1 Bc6 25. Rac1 Rfd8 26. Qh4 Qb4 27. Ne4 Bxe4 0-1

[Event "Novosibirsk Sukharev Memorial op"]
[Site "Novosibirsk"]
[Date "2012.07.26"]
[Round "9"]
[White "Tsygankov, Dmitry"]
[Black "Zinoviev, Sergey"]
[Result "1-0"]
[WhiteElo "2084"]
[BlackElo "2118"]
[PlyCount "107"]
[EventDate "2012.07.18"]
[EventType "swiss"]
[EventRounds "9"]
[EventCountry "RUS"]
[SourceTitle "EXT 2013"]
[Source "ChessBase"]
[SourceDate "2012.11.22"]
[SourceVersion "1"]
[SourceVersionDate "2012.11.22"]
[SourceQuality "1"]

1. d4 Nf6 2. Nf3 e6 3. c4 b6 4. g3 Bb7 5. Bg2 Be7 6. Nc3 Ne4 7. Qc2 Nxc3 8. Qxc3 f5 9. 0-0 0-0 10. Rd1 d6 11. b4 c5 12. bxc5 bxc5 13. Rb1 Be4 14. Rb2 Nd7 15. Rbd2 Rc8 16. dxc5 Nxc5 17. Ba3 Qb6 18. Qe3 Rf6 19. Nd4 e5 20. Bxe4 Nxe4 21. Nxf5 Rxf5 22. Qxe4 Qxf2+ 23. Kh1 Rh5 24. Qd5+ Kh8 25. Qg2 Qxg2+ 26. Kxg2 Rxc4 27. Bxd6 Bxd6 28. Rxd6 Ra4 29. Rd7 Rf5 30. Rb7 Kg8 31. Rc1 Kf8 32. Rf1 Ke8 33. Rc1 Kd8 34. Rcc7 Rxa2 35. Rxa7 Rxa7 36. Rxa7 Rg5 37. Kf2 h6 38. Kg2 h5 39. Kf3 g6 40. e4 Ke8 41. h4 Rg4 42. Ra5 Kf7 43. Rxe5 Kf6 44. Ra5 g5 45. Rxg5 Rxg5 46. hxg5+ Kxg5 47. Ke3 Kg4 48. Kf2 h4 49. gxh4 Kf4 50. h5 Kg5 51. Ke3 Kxh5 52. Kf4 Kg6 53. Ke5 Kf7 54. Kd6 1-0

[Event "Novosibirsk Sukharev Memorial op"]
[Site "Novosibirsk"]
[Date "2012.07.20"]
[Round "3"]
[White "Kuzmin, Georgy"]
[Black "Tsygankov, Dmitry"]
[Result "1-0"]
[WhiteElo "2115"]
[BlackElo "2084"]
[PlyCount "67"]
[EventDate "2012.07.18"]
[EventType "swiss"]
[EventRounds "9"]
[EventCountry "RUS"]
[SourceTitle "EXT 2013"]
[Source "ChessBase"]
[SourceDate "2012.11.22"]
[SourceVersion "1"]
[SourceVersionDate "2012.11.22"]
[SourceQuality "1"]

1. e4 c5 2. c3 d5 3. exd5 Qxd5 4. d4 Nc6 5. dxc5 Qxd1+ 6. Kxd1 e5 7. b4 a5 8. Bb5 Bd7 9. Bxc6 Bxc6 10. Nf3 Ba4+ 11. Ke2 f6 12. Be3 Ne7 13. Rc1 Kf7 14. a3 g5 15. Nbd2 g4 16. Ng1 f5 17. f4 exf4 18. Bd4 Bg7 19. Kf2 Bxd4+ 20. cxd4 axb4 21. axb4 Nc6 22. Ne2 Rhd8 23. Nc4 Nxb4 24. Ne5+ Kf6 25. Rc4 Bb5 26. Rxa8 Rxa8 27. Rxb4 Bxe2 28. Rb6+ Ke7 29. Rxb7+ Ke6 30. Kxe2 Ra2+ 31. Kd3 Rxg2 32. c6 Rg1 33. c7 Rc1 34. Nc4 1-0

[Event "Novosibirsk Region-ch sf"]
[Site "Novosibirsk"]
[Date "2010.10.23"]
[Round "8"]
[White "Vorobjov, Stanislav"]
[Black "Tsygankov, Dmitry"]
[Result "1/2-1/2"]
[WhiteElo "2192"]
[BlackElo "2082"]
[PlyCount "128"]
[EventDate "2010.??.??"]
[EventType "swiss"]
[EventRounds "9"]
[EventCountry "RUS"]
[SourceTitle "EXT 2014"]
[Source "ChessBase"]
[SourceDate "2013.11.20"]
[SourceVersion "1"]
[SourceVersionDate "2013.11.20"]
[SourceQuality "1"]

1. e4 c5 2. c3 d5 3. exd5 Qxd5 4. d4 Nc6 5. Nf3 e5 6. Nxe5 Nxe5 7. dxe5 Qxe5+ 8. Be2 Bd7 9. 0-0 0-0-0 10. Nd2 Nf6 11. Nf3 Qc7 12. Qb3 Bc6 13. Ng5 Nd5 14. Bb5 Bxb5 15. Qxb5 h6 16. Nf3 Bd6 17. Qa4 Kb8 18. c4 Nf6 19. Qc2 Rhe8 20. b3 Re6 21. Bb2 Rde8 22. Bxf6 Rxf6 23. h3 Rfe6 24. Rad1 Qe7 25. Qd3 g5 26. Qf5 Rg8 27. Rfe1 Rgg6 28. Rxe6 Rxe6 29. Kf1 a6 30. Qd5 Qf6 31. Re1 Rxe1+ 32. Nxe1 h5 33. g4 hxg4 34. hxg4 Qe7 35. Nd3 f6 36. Kg2 Kc7 37. Kf3 Qh7 38. Ke2 Qd7 39. Qe4 Qc8 40. a3 Qg8 41. Qf5 Qe8+ 42. Kd2 Qd8 43. Kc3 Be5+ 44. Nxe5 Qd4+ 45. Kc2 fxe5 46. f3 Qe3 47. Qh7+ Kb6 48. Qd3 Qf2+ 49. Qd2 Qxf3 50. Qd6+ Ka7 51. Qxc5+ Ka8 52. Qc8+ Ka7 53. Qf5 Qe2+ 54. Kc3 Qe3+ 55. Qd3 Qe1+ 56. Kc2 Qf2+ 57. Qd2 Qf4 58. Qe2 Qd4 59. Qd3 Qf2+ 60. Qd2 Qf4 61. Qd7 Qf2+ 62. Kd3 Qg3+ 63. Kc2 Qf2+ 64. Qd2 Qf4 1/2-1/2

[Event "Novosibirsk Region-ch"]
[Site "Novosibirsk"]
[Date "2009.12.09"]
[Round "7"]
[White "Tsygankov, Dmitry"]
[Black "Misyakov, Ilya"]
[Result "1/2-1/2"]
[WhiteElo "2056"]
[BlackElo "2046"]
[PlyCount "46"]
[EventDate "2009.12.04"]
[EventType "swiss"]
[EventRounds "9"]
[EventCountry "RUS"]
[SourceTitle "EXT 2011"]
[Source "ChessBase"]
[SourceDate "2010.11.26"]
[SourceVersion "1"]
[SourceVersionDate "2010.11.26"]
[SourceQuality "1"]

1. e4 c5 2. Nf3 d6 3. d4 cxd4 4. Nxd4 Nf6 5. Nc3 Nbd7 6. Bc4 a6 7. Bg5 Qa5 8. Qd2 e6 9. 0-0 h6 10. Bh4 g5 11. Bg3 Nh5 12. Bxe6 fxe6 13. Nxe6 Nxg3 14. fxg3 Ne5 15. Rxf8+ Rxf8 16. Qxd6 Rf6 17. Nc7+ Kf7 18. Rf1 Rxf1+ 19. Kxf1 Nc4 20. Qxh6 Qc5 21. Nxa8 Nd2+ 22. Ke2 Bg4+ 23. Kd3 Qc4+ 1/2-1/2

[Event "Novosibirsk Region-ch"]
[Site "Novosibirsk"]
[Date "2009.12.06"]
[Round "4"]
[White "Kuzmin, Nikolai"]
[Black "Tsygankov, Dmitry"]
[Result "1-0"]
[WhiteElo "2129"]
[BlackElo "2056"]
[PlyCount "90"]
[EventDate "2009.12.04"]
[EventType "swiss"]
[EventRounds "9"]
[EventCountry "RUS"]
[SourceTitle "EXT 2011"]
[Source "ChessBase"]
[SourceDate "2010.11.26"]
[SourceVersion "1"]
[SourceVersionDate "2010.11.26"]
[SourceQuality "1"]

1. e4 c5 2. c3 d5 3. exd5 Qxd5 4. d4 Nc6 5. dxc5 Qxd1+ 6. Kxd1 Nf6 7. Bb5 Bd7 8. Bxc6 Bxc6 9. Nf3 0-0-0+ 10. Ke2 e6 11. b4 Nd5 12. Ne5 Be8 13. Bd2 Be7 14. Na3 Bf6 15. f4 g5 16. g3 Bg7 17. c4 gxf4 18. gxf4 Nf6 19. Nb5 Ne4 20. Rad1 a6 21. Nc3 Rxd2+ 22. Rxd2 Nxc3+ 23. Kd3 Bxe5 24. fxe5 Bc6 25. Re1 Na4 26. Rg1 b5 27. cxb5 axb5 28. Rg7 Rd8+ 29. Ke3 Rxd2 30. Kxd2 Nb2 31. Rxf7 Nc4+ 32. Kc3 Nxe5 33. Rxh7 Nd7 34. h4 Be4 35. Rf7 Bf5 36. h5 Ne5 37. Rg7 Ng4 38. c6 e5 39. a4 bxa4 40. b5 Nf6 41. h6 a3 42. Rf7 Nd5+ 43. Kb3 a2 44. Kxa2 Be6 45. h7 Nf6+ 1-0

[Event "Dimitrovgrad-ch"]
[Site "Dimitrovgrad"]
[Date "2009.??.??"]
[Round "6"]
[White "Shakirov, Alexander"]
[Black "Tsygankov, Dmitry"]
[Result "1/2-1/2"]
[WhiteElo "2055"]
[BlackElo "2060"]
[PlyCount "72"]
[EventDate "2009.08.??"]
[EventType "swiss"]
[EventRounds "9"]
[EventCountry "RUS"]
[SourceTitle "EXT 2012"]
[Source "ChessBase"]
[SourceDate "2011.11.24"]
[SourceVersion "1"]
[SourceVersionDate "2011.11.24"]
[SourceQuality "1"]

1. Nf3 c5 2. c4 Nf6 3. g3 d5 4. cxd5 Nxd5 5. Nc3 Nc7 6. Bg2 Nc6 7. Qa4 Bd7 8. Qe4 e6 9. 0-0 Be7 10. d4 0-0 11. Rd1 Qe8 12. Be3 f5 13. Qc2 Nb4 14. Qd2 Nbd5 15. Ne5 Nxe3 16. Qxe3 cxd4 17. Qxd4 Bf6 18. Qxd7 Bxe5 19. f4 Bxc3 20. bxc3 Rf7 21. Qxe8+ Nxe8 22. Rab1 Rb8 23. a4 Rc7 24. Rb3 Kf7 25. Rdb1 Nd6 26. Kf2 Ke7 27. a5 Nc4 28. Ra1 Rc5 29. Rxb7+ Rxb7 30. Bxb7 Rxa5 31. Rxa5 Nxa5 32. Ba6 Kd6 33. Ke3 Nb3 34. Bc4 Nc5 35. Kd4 Ne4 36. Ba6 Nc5 1/2-1/2

[Event "Dimitrovgrad-ch"]
[Site "Dimitrovgrad"]
[Date "2009.??.??"]
[Round "5"]
[White "Tsygankov, Dmitry"]
[Black "Kamrukov, Alexey"]
[Result "1/2-1/2"]
[WhiteElo "2060"]
[BlackElo "1960"]
[PlyCount "58"]
[EventDate "2009.08.??"]
[EventType "swiss"]
[EventRounds "9"]
[EventCountry "RUS"]
[SourceTitle "EXT 2012"]
[Source "ChessBase"]
[SourceDate "2011.11.24"]
[SourceVersion "1"]
[SourceVersionDate "2011.11.24"]
[SourceQuality "1"]

1. d4 d5 2. Nf3 Nf6 3. c4 c6 4. cxd5 cxd5 5. Nc3 Nc6 6. Bf4 e6 7. e3 Bb4 8. Bd3 0-0 9. 0-0 a6 10. Rc1 Bd7 11. Ne5 Rc8 12. Qf3 Ne8 13. Qh3 f5 14. g4 Nxe5 15. Bxe5 Bxc3 16. gxf5 exf5 17. bxc3 Be6 18. Kh1 Qa5 19. Rg1 Rf7 20. Rg5 Rxc3 21. Rxc3 Qxc3 22. Bxf5 Bxf5 23. Rxf5 Qc8 24. Rh5 Qxh3 25. Rxh3 Rxf2 26. e4 dxe4 27. Re3 Rxa2 28. Rxe4 Rd2 29. Kg1 Kf7 1/2-1/2

[Event "Dimitrovgrad-ch"]
[Site "Dimitrovgrad"]
[Date "2009.??.??"]
[Round "7"]
[White "Tsygankov, Dmitry"]
[Black "Romanjko, Arseny"]
[Result "0-1"]
[WhiteElo "2060"]
[BlackElo "2040"]
[PlyCount "66"]
[EventDate "2009.08.??"]
[EventType "swiss"]
[EventRounds "9"]
[EventCountry "RUS"]
[SourceTitle "EXT 2012"]
[Source "ChessBase"]
[SourceDate "2011.11.24"]
[SourceVersion "1"]
[SourceVersionDate "2011.11.24"]
[SourceQuality "1"]

1. d4 d5 2. Nf3 Bg4 3. Ne5 Be6 4. g3 f6 5. Nd3 Bf7 6. Bg2 Nd7 7. 0-0 e6 8. e4 c6 9. Re1 Ne7 10. b3 g5 11. e5 Nf5 12. c3 h5 13. Nd2 fxe5 14. Nxe5 Nxe5 15. Rxe5 Bd6 16. Re1 g4 17. Nf1 Qf6 18. Bb2 h4 19. c4 0-0-0 20. c5 Bc7 21. b4 hxg3 22. fxg3 Rh5 23. Re5 Qg7 24. b5 Bxe5 25. dxe5 cxb5 26. a4 Be8 27. axb5 Bxb5 28. Rxa7 Bc6 29. Qb3 Kd7 30. Ne3 Ke8 31. Nc4 dxc4 32. Bxc6+ bxc6 33. Qxc4 Rd1+ 0-1

[Event "Novosibirsk Region-ch final"]
[Site "Novosibirsk"]
[Date "2008.12.08"]
[Round "4"]
[White "Tsygankov, Dmitry"]
[Black "Chuguev, Anton"]
[Result "0-1"]
[WhiteElo "2068"]
[BlackElo "2197"]
[PlyCount "82"]
[EventDate "2008.12.05"]
[EventType "swiss"]
[EventRounds "9"]
[EventCountry "RUS"]
[SourceTitle "EXT 2010"]
[Source "ChessBase"]
[SourceDate "2010.11.25"]
[SourceVersion "1"]
[SourceVersionDate "2010.11.25"]
[SourceQuality "1"]

1. d4 c5 2. d5 e5 3. e4 d6 4. Nc3 Be7 5. Nf3 Nf6 6. h3 Nbd7 7. a4 Nf8 8. Bb5+ N6d7 9. Be3 Ng6 10. g3 a6 11. Be2 Nf6 12. Nd2 h5 13. a5 h4 14. g4 Nd7 15. Nc4 b5 16. axb6 Nxb6 17. Qd2 Rb8 18. Na5 Bd7 19. Bxa6 Ra8 20. Qe2 0-0 21. 0-0 Qc7 22. Bb5 Nf4 23. Bxf4 exf4 24. Bxd7 Nxd7 25. Nc6 Bf6 26. Nb5 Qb6 27. c4 Ne5 28. Nxe5 Bxe5 29. f3 Ra5 30. Rxa5 Qxa5 31. Qe1 Qa2 32. Qc1 Ra8 33. Qc2 Ra4 34. Nc3 Rxc4 35. Nxa2 Rxc2 36. Rb1 Bxb2 37. Kf1 Bd4 38. Nc1 Rf2+ 39. Ke1 Rxf3 40. Ne2 Be5 41. Ng1 Re3+ 0-1

[Event "Novosibirsk Region-ch final"]
[Site "Novosibirsk"]
[Date "2008.12.07"]
[Round "3"]
[White "Petenev, Konstantin"]
[Black "Tsygankov, Dmitry"]
[Result "1/2-1/2"]
[WhiteElo "2255"]
[BlackElo "2068"]
[PlyCount "75"]
[EventDate "2008.12.05"]
[EventType "swiss"]
[EventRounds "9"]
[EventCountry "RUS"]
[SourceTitle "EXT 2010"]
[Source "ChessBase"]
[SourceDate "2010.11.25"]
[SourceVersion "1"]
[SourceVersionDate "2010.11.25"]
[SourceQuality "1"]

1. e4 c5 2. Nf3 Nc6 3. d4 cxd4 4. Nxd4 Nf6 5. Nc3 e5 6. Ndb5 d6 7. Bg5 a6 8. Na3 b5 9. Nd5 Be7 10. Bxf6 Bxf6 11. c3 0-0 12. Nc2 Bg5 13. a4 bxa4 14. Rxa4 a5 15. Bb5 Ne7 16. Ncb4 Bb7 17. Nxe7+ Bxe7 18. Nd5 Kh8 19. 0-0 g6 20. Bc4 Bc6 21. Ra2 Bg5 22. Qd3 Ra7 23. b4 f5 24. Rfa1 a4 25. b5 fxe4 26. Qxe4 Bxd5 27. Qxd5 Qb6 28. Kh1 a3 29. f3 Kg7 30. Rxa3 Rxa3 31. Rxa3 Qf2 32. Qd3 Rf4 33. Ra2 Qe1+ 34. Qf1 Qxc3 35. Ra7+ Kf8 36. Be6 Rb4 37. Bd7 Bf4 38. Ra1 1/2-1/2

[Event "Novosibirsk Region-ch sf"]
[Site "Novosibirsk"]
[Date "2008.10.26"]
[Round "9"]
[White "Kuzmin, Nikolai"]
[Black "Tsygankov, Dmitry"]
[Result "1/2-1/2"]
[WhiteElo "2074"]
[BlackElo "2068"]
[PlyCount "77"]
[EventDate "2008.10.18"]
[EventType "swiss"]
[EventRounds "9"]
[EventCountry "RUS"]
[SourceTitle "EXT 2022"]
[Source "ChessBase"]
[SourceDate "2021.10.06"]
[SourceVersion "1"]
[SourceVersionDate "2021.10.06"]
[SourceQuality "1"]

1. e4 c5 2. c3 d5 3. exd5 Qxd5 4. d4 Nc6 5. dxc5 Qxd1+ 6. Kxd1 Nf6 7. Ke1 e5 8. b4 a5 9. Bb5 Bd7 10. Bxc6 Bxc6 11. Nf3 Nd5 12. Bd2 f6 13. Kd1 b6 14. cxb6 axb4 15. cxb4 Ba4+ 16. Kc1 Nxb4 17. Nc3 Nd3+ 18. Kb1 Bd7 19. a4 Nxf2 20. Rf1 Bf5+ 21. Ka2 Nd3 22. Nh4 Be6+ 23. Kb1 Bc5 24. a5 0-0 25. Nb5 Rab8 26. Nf5 Bxf5 27. Rxf5 g6 28. Rf1 e4 29. Bf4 Nxf4 30. Rxf4 Bxb6 31. axb6 Rxb6 32. Ra5 Rfb8 33. Rxe4 Rxb5+ 34. Rxb5 Rxb5+ 35. Kc2 Re5 36. Rg4 Rg5 37. Rxg5 fxg5 38. g4 Kf7 39. Kd3 1/2-1/2

[Event "Novosibirsk Region-ch sf"]
[Site "Novosibirsk"]
[Date "2008.10.24"]
[Round "7"]
[White "Tsygankov, Dmitry"]
[Black "Okladnikov, Gennady"]
[Result "1-0"]
[WhiteElo "2068"]
[BlackElo "2159"]
[PlyCount "105"]
[EventDate "2008.10.18"]
[EventType "swiss"]
[EventRounds "9"]
[EventCountry "RUS"]
[SourceTitle "EXT 2022"]
[Source "ChessBase"]
[SourceDate "2021.10.06"]
[SourceVersion "1"]
[SourceVersionDate "2021.10.06"]
[SourceQuality "1"]

1. d4 g6 2. Nf3 Bg7 3. c4 d6 4. Nc3 Nf6 5. g3 0-0 6. Bg2 c5 7. 0-0 Nc6 8. d5 Na5 9. Nd2 a6 10. Rb1 Ng4 11. Qc2 Ne5 12. b3 Rb8 13. h3 b5 14. f4 Nd7 15. Bb2 Nf6 16. e4 e6 17. Ba1 Bd7 18. Rbe1 Nh5 19. Kh2 f5 20. e5 dxe5 21. fxe5 bxc4 22. bxc4 Qg5 23. Qd3 Bh6 24. Rf2 Rb4 25. dxe6 Bxe6 26. Bd5 Ng7 27. a3 Rbb8 28. Na4 Qe7 29. Bc3 Nb3 30. Nxb3 Rxb3 31. Qc2 Rbb8 32. Rb1 Be3 33. Rf3 f4 34. g4 Rxb1 35. Qxb1 Bd4 36. Bxd4 cxd4 37. Qe4 h5 38. gxh5 g5 39. Qxd4 Kh8 40. Bxe6 Nxe6 41. Qd6 Qf7 42. Nc5 Nxc5 43. Qxc5 Rd8 44. Rf2 Qe6 45. Rb2 g4 46. Rb6 g3+ 47. Kg2 Qd7 48. Rh6+ Kg7 49. Rd6 Qb7+ 50. Qd5 Qb2+ 51. Kf3 Qf2+ 52. Kg4 g2 53. h6+ 1-0

[Event "Novosibirsk April op"]
[Site "Novosibirsk"]
[Date "2008.04.12"]
[Round "8"]
[White "Tsygankov, Dmitry"]
[Black "Petrukhin, Denis"]
[Result "0-1"]
[WhiteElo "2065"]
[BlackElo "2403"]
[PlyCount "98"]
[EventDate "2008.04.05"]
[EventType "swiss"]
[EventRounds "9"]
[EventCountry "RUS"]
[SourceTitle "EXT 2010"]
[Source "ChessBase"]
[SourceDate "2010.11.25"]
[SourceVersion "1"]
[SourceVersionDate "2010.11.25"]
[SourceQuality "1"]

1. d4 g6 2. Nf3 Bg7 3. c4 d6 4. Nc3 Nf6 5. g3 0-0 6. Bg2 Nbd7 7. 0-0 e5 8. e4 a6 9. h3 b5 10. Qc2 c6 11. Be3 Bb7 12. dxe5 dxe5 13. c5 a5 14. Ne1 Qe7 15. Nd3 Rfd8 16. Rad1 Nf8 17. Ne2 b4 18. Rd2 Ba6 19. Rfd1 N6d7 20. f4 Ne6 21. Nxe5 Nxe5 22. fxe5 Bxe5 23. Nf4 Rxd2 24. Rxd2 Qg5 25. Kh2 Nxf4 26. gxf4 Bxf4+ 27. Bxf4 Qxf4+ 28. Kh1 Bf1 29. Rf2 Bxg2+ 30. Kxg2 Qg5+ 31. Kh2 Re8 32. Qb3 Re7 33. Qf3 Qxc5 34. Kg2 Qc4 35. Re2 Qxa2 36. b3 Qa1 37. e5 Rxe5 38. Rxe5 Qxe5 39. Qxc6 h5 40. Qc4 Kg7 41. Qc2 Qc3 42. Qd1 h4 43. Qd7 a4 44. Qxa4 Qg3+ 45. Kf1 Qxh3+ 46. Kg1 Qg3+ 47. Kf1 h3 48. Qxb4 h2 49. Qd4+ Kh7 0-1

[Event "Novosibirsk April op"]
[Site "Novosibirsk"]
[Date "2008.04.06"]
[Round "2"]
[White "Tsygankov, Dmitry"]
[Black "Dzhumagaliev, Murat"]
[Result "1-0"]
[WhiteElo "2065"]
[BlackElo "2188"]
[PlyCount "80"]
[EventDate "2008.04.05"]
[EventType "swiss"]
[EventRounds "9"]
[EventCountry "RUS"]
[SourceTitle "EXT 2010"]
[Source "ChessBase"]
[SourceDate "2010.11.25"]
[SourceVersion "1"]
[SourceVersionDate "2010.11.25"]
[SourceQuality "1"]

1. d4 Nf6 2. Nf3 g6 3. c4 Bg7 4. Nc3 0-0 5. g3 d6 6. Bg2 Be6 7. Ng5 Bc8 8. 0-0 c6 9. h3 Qb6 10. e4 Nh5 11. Nf3 e5 12. d5 c5 13. Ne1 a6 14. Nd3 Qd8 15. Be3 Qe8 16. g4 Nf6 17. b4 b6 18. bxc5 dxc5 19. Rb1 Nbd7 20. Na4 Qd8 21. f4 exf4 22. Bxf4 Ra7 23. Bd6 b5 24. Bxf8 Bxf8 25. e5 bxc4 26. exf6 cxd3 27. Qxd3 Nxf6 28. Nc3 Rc7 29. Qf3 Bg7 30. Rb8 Qe7 31. Ne4 Nxd5 32. g5 Bd4+ 33. Kh1 Kg7 34. h4 Bb7 35. h5 f5 36. gxf6+ Nxf6 37. Rxb7 Rxb7 38. Nd6 Rb8 39. h6+ Kxh6 40. Qh3+ Kg5 1-0

[Event "Novosibirsk March op"]
[Site "Novosibirsk"]
[Date "2008.03.18"]
[Round "4"]
[White "Tulupov, Mikhail"]
[Black "Tsygankov, Dmitry"]
[Result "0-1"]
[WhiteElo "1768"]
[BlackElo "2065"]
[PlyCount "56"]
[EventDate "2008.03.11"]
[EventType "swiss"]
[EventRounds "9"]
[EventCountry "RUS"]
[SourceTitle "EXT 2010"]
[Source "ChessBase"]
[SourceDate "2010.11.25"]
[SourceVersion "1"]
[SourceVersionDate "2010.11.25"]
[SourceQuality "1"]

1. d4 c5 2. d5 d6 3. c4 g6 4. Nc3 Bg7 5. g3 Nf6 6. Bg2 0-0 7. Nf3 Na6 8. 0-0 Rb8 9. Nb5 Bd7 10. a4 Nc7 11. Qc2 a6 12. Nc3 b5 13. b3 bxc4 14. bxc4 Bf5 15. Qd2 Ne4 16. Nxe4 Bxa1 17. Neg5 h6 18. e4 Bg4 19. Nh3 Bg7 20. Nf4 Qd7 21. Ne1 Qxa4 22. h3 Bd7 23. h4 Qxc4 24. h5 g5 25. Nfd3 Qc3 26. Qe2 c4 27. Nb2 Qxc1 28. Nxc4 Bb5 0-1

[Event "Novosibirsk March op"]
[Site "Novosibirsk"]
[Date "2008.03.11"]
[Round "1"]
[White "Tsygankov, Dmitry"]
[Black "Kaigorodov, Timofei"]
[Result "1-0"]
[WhiteElo "2065"]
[BlackElo "1811"]
[PlyCount "43"]
[EventDate "2008.03.11"]
[EventType "swiss"]
[EventRounds "9"]
[EventCountry "RUS"]
[SourceTitle "EXT 2010"]
[Source "ChessBase"]
[SourceDate "2010.11.25"]
[SourceVersion "1"]
[SourceVersionDate "2010.11.25"]
[SourceQuality "1"]

1. d4 Nf6 2. Nf3 e6 3. Bg5 Be7 4. e3 b6 5. c4 Bb7 6. Bd3 0-0 7. 0-0 c5 8. Nc3 d5 9. dxc5 dxc4 10. Bxc4 Bxc5 11. Qe2 Nbd7 12. Rad1 Qc7 13. Bd3 Bd6 14. Nb5 Bxh2+ 15. Nxh2 Qe5 16. Bf4 Qh5 17. Qxh5 Nxh5 18. Bd6 Rfd8 19. Be7 Rdc8 20. Nd6 Nc5 21. Nxc8 Nxd3 22. Rxd3 1-0

[Event "Novosibirsk-ch"]
[Site "Novosibirsk"]
[Date "2008.03.01"]
[Round "8"]
[White "Tsygankov, Dmitry"]
[Black "Biryukov, Alexander"]
[Result "0-1"]
[WhiteElo "2076"]
[BlackElo "2041"]
[PlyCount "144"]
[EventDate "2008.02.22"]
[EventType "swiss"]
[EventRounds "9"]
[EventCountry "RUS"]
[SourceTitle "CBM 123 Extra"]
[Source "ChessBase"]
[SourceDate "2008.05.06"]
[SourceVersion "1"]
[SourceVersionDate "2008.05.06"]
[SourceQuality "1"]

1. d4 d5 2. Nf3 Nf6 3. c4 e6 4. Bg5 h6 5. Bh4 dxc4 6. Qa4+ Nbd7 7. e3 c5 8. Bxc4 cxd4 9. Nxd4 Be7 10. 0-0 0-0 11. Be2 Nc5 12. Qc2 Bd7 13. Bxf6 gxf6 14. b4 Ba4 15. Qc4 Nd7 16. b5 Nb6 17. Qd3 a6 18. Qe4 Qd5 19. Qg4+ Qg5 20. Qh3 Nd5 21. f4 Qg7 22. Rf3 Kh8 23. Nd2 f5 24. Rg3 Qf6 25. Rf1 Rg8 26. Rxg8+ Rxg8 27. bxa6 bxa6 28. Nc4 Kh7 29. Bd3 Nxe3 30. Qxe3 Bc5 31. Ne5 Rd8 32. Kh1 Bxd4 33. Qe2 Bxe5 34. fxe5 Qg5 35. Bxa6 Rd2 36. Qf3 Rc2 37. Bb7 Rxa2 38. Rg1 h5 39. Bc6 Bxc6 40. Qxc6 Re2 41. Qc7 Qg7 42. Qb7 Rxe5 43. Qf3 Qg6 44. Qc3 Re4 45. Ra1 Re2 46. Rg1 e5 47. Qc4 Re4 48. Qd5 Qe6 49. Qd1 Kg6 50. h3 Rd4 51. Qe1 f4 52. Qb1+ Kg7 53. Qb2 f6 54. Qb7+ Qd7 55. Qf3 Kh6 56. Qa8 Qd8 57. Qf3 Rd3 58. Qe4 Qd7 59. Kh2 Re3 60. Qa8 Qg7 61. Qb8 Rg3 62. Qb6 Rg6 63. Qc6 f5 64. Qf3 Rg3 65. Qc6+ Qg6 66. Qc8 Qf6 67. Rc1 Rg6 68. Qa8 e4 69. Qb8 Qd6 70. Qh8+ Kg5 71. h4+ Kxh4 72. Rc3 f3+ 0-1

[Event "Novosibirsk-ch"]
[Site "Novosibirsk"]
[Date "2008.02.22"]
[Round "1"]
[White "Novikov, Mikhail M"]
[Black "Tsygankov, Dmitry"]
[Result "1-0"]
[WhiteElo "2261"]
[BlackElo "2076"]
[PlyCount "111"]
[EventDate "2008.02.22"]
[EventType "swiss"]
[EventRounds "9"]
[EventCountry "RUS"]
[SourceTitle "CBM 123 Extra"]
[Source "ChessBase"]
[SourceDate "2008.05.06"]
[SourceVersion "1"]
[SourceVersionDate "2008.05.06"]
[SourceQuality "1"]

1. c4 d6 2. Nc3 g6 3. d4 Bg7 4. e4 Nf6 5. f3 0-0 6. Be3 e5 7. Nge2 a6 8. Qd2 Nbd7 9. d5 Qe7 10. Bg5 b5 11. cxb5 axb5 12. Nxb5 Nc5 13. Qc2 Ba6 14. Nec3 Qd7 15. Bc4 Rfb8 16. Qe2 Nh5 17. g3 Na4 18. Nxa4 Bxb5 19. Bxb5 Rxb5 20. Nc3 Rb4 21. 0-0 f5 22. Kg2 h6 23. Bc1 Rf8 24. b3 Nf6 25. Bd2 h5 26. Rac1 h4 27. Na4 Rbb8 28. Nb2 Nh5 29. Nd3 Bf6 30. g4 Ng7 31. h3 Ra8 32. Rc2 Qb5 33. Rfc1 fxg4 34. fxg4 c5 35. dxc6 Ne6 36. Be3 Bg5 37. Bxg5 Nxg5 38. Nf2 Qb6 39. c7 Qb7 40. Qc4+ Kh7 41. Qd5 Qb6 42. Qd2 Ne6 43. c8Q Raxc8 44. Rxc8 Nf4+ 45. Kh2 Rf7 46. R8c6 Qa7 47. Rxd6 Nh5 48. Nh1 Ng3 49. Rd1 Nxe4 50. Rd7 Nxd2 51. Rxa7 Nf3+ 52. Kg2 Rxa7 53. Kxf3 Rxa2 54. Rb1 Rh2 55. Nf2 e4+ 56. Ke3 1-0

[Event "Novosibirsk-ch sf"]
[Site "Novosibirsk"]
[Date "2008.01.18"]
[Round "5"]
[White "Tsygankov, Dmitry"]
[Black "Chuguev, Anton"]
[Result "0-1"]
[WhiteElo "2065"]
[BlackElo "2153"]
[PlyCount "82"]
[EventDate "2008.01.13"]
[EventType "swiss"]
[EventRounds "9"]
[EventCountry "RUS"]
[SourceTitle "EXT 2010"]
[Source "ChessBase"]
[SourceDate "2010.11.25"]
[SourceVersion "1"]
[SourceVersionDate "2010.11.25"]
[SourceQuality "1"]

1. d4 Nf6 2. Nf3 e6 3. Bg5 h6 4. Bh4 c5 5. e3 b6 6. Nbd2 Bb7 7. Bd3 Be7 8. 0-0 0-0 9. Qe2 Nc6 10. c3 Rc8 11. Rad1 cxd4 12. exd4 Nd5 13. Bg3 f5 14. h3 Qe8 15. Nc4 f4 16. Bh2 Qh5 17. Qc2 Ncb4 18. Bh7+ Kh8 19. Qb1 Nxc3 20. bxc3 Bxf3 21. gxf3 Rxc4 22. cxb4 g6 23. Qxg6 Qxg6+ 24. Bxg6 Rg8 25. Bxf4 Rxg6+ 26. Kh1 Rxb4 27. Rc1 Bf6 28. Be5 Bxe5 29. dxe5 Ra4 30. Rfd1 Rg7 31. Rd2 Ra3 32. Rc8+ Kh7 33. Rc7 Kg6 34. Kh2 Kf5 35. Re2 Kf4 36. Rc4+ Kxf3 37. Ree4 Kxf2 38. Rf4+ Rf3 39. Rh4 Rg2+ 40. Kh1 Rg5 41. Rc2+ Kg3 0-1